Poetry for young people : (Record no. 7501)

MARC details
000 -LEADER
fixed length control field 01744nam a22003137a 4500
001 - CONTROL NUMBER
control field 7501
003 - CONTROL NUMBER IDENTIFIER
control field FISKH
005 - DATE AND TIME OF LATEST TRANSACTION
control field 20250722113334.0
008 - FIXED-LENGTH DATA ELEMENTS--GENERAL INFORMATION
fixed length control field 250722b cb ||||| |||| 00| 0 eng d
020 ## - INTERNATIONAL STANDARD BOOK NUMBER
International Standard Book Number 043917872X
040 ## - CATALOGING SOURCE
Original cataloging agency FISKH
Language of cataloging eng
Transcribing agency FISKH
Modifying agency FISKH
050 ## - LIBRARY OF CONGRESS CALL NUMBER
Classification number PS1541 .A1
082 ## - DEWEY DECIMAL CLASSIFICATION NUMBER
Classification number 813.4
100 ## - MAIN ENTRY--PERSONAL NAME
Personal name Dickinson, Emily
245 ## - TITLE STATEMENT
Title Poetry for young people :
Remainder of title Emily Dickinson /
Statement of responsibility, etc. Edited By Frances Schoonmaker Bolin : Illustrated by Chi Chung
250 ## - EDITION STATEMENT
Edition statement First Scholastic printing , April 2000
260 ## - PUBLICATION, DISTRIBUTION, ETC.
Place of publication, distribution, etc. New York :
Name of publisher, distributor, etc. Scholastic ,
Date of publication, distribution, etc. 1994.
300 ## - PHYSICAL DESCRIPTION
Extent 47 pages :
Other physical details color illustrations ;
Dimensions 26 cm .
490 ## - SERIES STATEMENT
Series statement Poetry for Young People
505 ## - FORMATTED CONTENTS NOTE
Formatted contents note K <br/>
520 ## - SUMMARY, ETC.
Summary, etc. American poet Emily Dickinson is revered around the world, and influenced many feminist artists and writers. Her work is some of the best known and most quoted or adapted: 'Hope is the thing with feathers, that perches in the soul, and sings the tune without the words, and never stops at all' Emily Dickinson. Dickinson received a very good education, but chose to return home to Amherst, Massachusetts, where she spent the rest of her life, writing more than a poem a day until her death. Her refusal to compromise her highly condensed expression meant that only a tiny fraction of her work was published in her lifetime. Even today, her work feels startlingly modern: 'Dogs are better than human beings because they know but do not tell' Emily Dickinson. show less
521 8# - TARGET AUDIENCE NOTE
Target audience note 510 <br/>
Source Lexile estimate <br/>
521 8# - TARGET AUDIENCE NOTE
Target audience note K <br/>
Source Raz-Plus <br/>
650 ## - SUBJECT ADDED ENTRY--TOPICAL TERM
Topical term or geographic name entry element American poetry
Form subdivision Juvenile Literature
650 ## - SUBJECT ADDED ENTRY--TOPICAL TERM
Topical term or geographic name entry element Poetry for Young People
Form subdivision Juvenile Literature
700 ## - ADDED ENTRY--PERSONAL NAME
Personal name Chung, Chi
Relator term Illustrator
942 ## - ADDED ENTRY ELEMENTS (KOHA)
Source of classification or shelving scheme Dewey Decimal Classification
Koha item type Books
Suppress in OPAC No
Holdings
Withdrawn status Lost status Source of classification or shelving scheme Damaged status Not for loan Collection Home library Current library Shelving location Date acquired Total Checkouts Full call number Barcode Date last seen Price effective from Koha item type
    Dewey Decimal Classification     Juvenile Fiction Footprints International School Library Network Toul Tom Poung Campus Footprints International School Library Network Toul Kork Campus TTP Primary Yellow Bookshelves 07/22/2025   DIC 811.4 PS1541 .A1 FISSE01407 07/22/2025 07/22/2025 Books